00517nam a2200181 450000500170000001000150001702000260003203500140005803700130007208200110008510000150009624500770011126000430018827000430023130000260027470000160030070000190031620220607112001.0 aENG-133068 a9789386866042c800.00 aEN-116600 bDBAD/PUB a230.35 aPuri, J.R. aTulsi Sahib:bSaint of Hathras/cJ.R. Puri, V.K. Sethi and T.R. Shangari aPunjabbRadha Soami Satsang Beasc2017 aDera Baba Jaimal SinghbPunjabe143204 axi, 348p.c23cm (hbk) aSethi, V.K. aShangari, T.R.